Country per Letter Quiz Stats

 Plays Quiz Updated Feb 13, 2019

Support Sporcle.
Go Orange.
Score 0/24 Timer 01:00
126 Plays Today
Letter Country % Correct
AAfghanistan...
94.1%
CCambodia...
92.8%
BBahamas...
91.7%
FFiji...
87.1%
GGabon...
84.5%
DDenmark...
84%
IIceland...
82%
EEcuador...
79.1%
JJamaica...
70.2%
HHaiti...
69.7%
MMadagascar...
68%
NNamibia...
66.8%
Letter Country % Correct
LLaos...
65.5%
PPakistan...
60.3%
UUganda...
56.8%
SSamoa...
56.8%
KKazakhstan...
55.8%
RRomania...
50.2%
QQatar
49.3%
OOman
48.9%
TTaiwan...
47.3%
ZZambia...
42.9%
YYemen
39.7%
VVanuatu...
39.2%

You're not logged in!

Compare scores with friends on all Sporcle quizzes.
OR
Log In

From the Vault

Odd One Out: TV Actors II

by kittypoo

Time for these stars to have a turn in the spotlight.
Remove Ads.
Support Sporcle.
Get the best of Sporcle when you Go Orange. This ad-free experience offers more features, more stats, and more fun while also helping to support Sporcle. Thank you for becoming a member.

Show Comments

Extras

Top Quizzes Today


Score Distribution

Your Account Isn't Verified!

In order to create a playlist on Sporcle, you need to verify the email address you used during registration. Go to your Sporcle Settings to finish the process.

Report this User

Report this user for behavior that violates our Community Guidelines.

Details: